[Event "Victoria Grand Pacific op"]
[Site "Victoria"]
[Date "2023.04.08"]
[Round "2"]
[White "Doknjas, John"]
[Black "Lu, Yiding"]
[Result "0-1"]
[WhiteElo "2224"]
[BlackElo "1807"]
[PlyCount "74"]
[EventDate "2023.04.07"]
[EventType "swiss"]
[EventRounds "6"]
[EventCountry "CAN"]
[SourceTitle "CBM 213 Extra"]
[Source "ChessBase"]
[SourceDate "2023.05.31"]
[SourceVersion "1"]
[SourceVersionDate "2023.05.31"]
[SourceQuality "1"]

1. d4 Nf6 2. c4 e6 3. Nc3 Bb4 4. e3 b6 5. Nge2 Ba6 6. a3 Bxc3+ 7. Nxc3 d5 8. b4 Bxc4 9. Bxc4 dxc4 10. Qe2 c5 11. dxc5 bxc5 12. Qxc4 cxb4 13. Qxb4 Nc6 14. Qb5 Qc7 15. Bd2 0-0 16. 0-0 Rfd8 17. Qe2 Rab8 18. Ra2 Ne5 19. Rc1 Nd3 20. Rcc2 Ne4 21. Nd1 Qe5 22. Bc3 Qd6 23. f3 Nf4 24. exf4 Qxd1+ 25. Be1 Qd4+ 26. Kf1 Nd6 27. Qd2 Qf6 28. g3 Rb3 29. Qe2 Nb5 30. Qc4 Rxf3+ 31. Kg2 Nxa3 32. Qe4 Nxc2 33. Kxf3 Nxe1+ 34. Qxe1 Qd4 35. Qa5 Rd7 36. Kg4 Qd1+ 37. Kh4 Rd5 0-1

[Event "Francophonie-chT Rapid"]
[Site "Tornelo INT"]
[Date "2022.06.05"]
[Round "7.2"]
[White "Hesham, Abdelrahman"]
[Black "Doknjas, John"]
[Result "1-0"]
[WhiteElo "2385"]
[BlackElo "2229"]
[PlyCount "95"]
[EventDate "2022.06.04"]
[EventType "team-swiss (rapid)"]
[EventRounds "11"]
[EventCountry "FRA"]
[SourceTitle "CBM 208 Extra"]
[Source "ChessBase"]
[SourceDate "2022.07.31"]
[SourceVersion "1"]
[SourceVersionDate "2022.07.31"]
[SourceQuality "1"]
[WhiteTeam "Egypt"]
[BlackTeam "Canada"]
[WhiteTeamCountry "EGY"]
[BlackTeamCountry "CAN"]

1. e4 e5 2. Nf3 Nc6 3. Bc4 Nf6 4. d3 Bc5 5. c3 d6 6. Bb3 h6 7. Nbd2 0-0 8. h3 a6 9. g4 d5 10. Qe2 Be6 11. g5 hxg5 12. Nxg5 Qe7 13. Rg1 Rad8 14. exd5 Bxd5 15. Nde4 Bxb3 16. axb3 Nxe4 17. Qxe4 g6 18. Qh4 Kg7 19. Qh7+ Kf6 20. Rg3 e4 21. Nxe4+ Ke6 22. Bg5 f6 23. Nxc5+ Qxc5 24. Re3+ Kf5 25. Bh6 Rfe8 26. Kd2 Rxe3 27. Bxe3 Qd5 28. d4 Qxb3 29. Rb1 Ne5 30. Qxc7 Rd7 31. Qc8 Qb5 32. b3 Ke4 33. c4 Qa5+ 34. Kc2 Rc7 35. Qe6 Rc6 36. Qe8 Qa2+ 37. Rb2 Rxc4+ 38. bxc4 Qxc4+ 39. Kb1 Qd3+ 40. Ka2 Qc4+ 41. Ka1 Qf1+ 42. Rb1 Qc4 43. dxe5 Qc3+ 44. Rb2 Qa3+ 45. Kb1 Qd3+ 46. Ka2 Qc4+ 47. Rb3 Qc2+ 48. Ka3 1-0

[Event "Francophonie-chT Rapid"]
[Site "Tornelo INT"]
[Date "2022.06.04"]
[Round "2.5"]
[White "Bryan, Mark"]
[Black "Doknjas, John"]
[Result "0-1"]
[WhiteElo "1743"]
[BlackElo "2229"]
[PlyCount "40"]
[EventDate "2022.06.04"]
[EventType "team-swiss (rapid)"]
[EventRounds "11"]
[EventCountry "FRA"]
[SourceTitle "CBM 208 Extra"]
[Source "ChessBase"]
[SourceDate "2022.07.31"]
[SourceVersion "1"]
[SourceVersionDate "2022.07.31"]
[SourceQuality "1"]
[WhiteTeam "Cyprus"]
[BlackTeam "Canada"]
[WhiteTeamCountry "CYP"]
[BlackTeamCountry "CAN"]

1. e4 c5 2. c3 d5 3. exd5 Qxd5 4. Nf3 Nf6 5. d4 Bg4 6. Be2 e6 7. Na3 a6 8. Nc4 Bxf3 9. gxf3 Nbd7 10. Rg1 cxd4 11. cxd4 b5 12. Ne3 Qd6 13. Nf1 g6 14. a3 Bg7 15. Be3 0-0 16. Rc1 Rfc8 17. Ng3 Nb6 18. Ne4 Qxh2 19. Nxf6+ Bxf6 20. Rf1 Rxc1 0-1

[Event "Francophonie-chT Rapid"]
[Site "Tornelo INT"]
[Date "2022.06.04"]
[Round "5.3"]
[White "Doknjas, John"]
[Black "Tchouka, Yakini"]
[Result "1-0"]
[WhiteElo "2229"]
[BlackElo "1923"]
[PlyCount "99"]
[EventDate "2022.06.04"]
[EventType "team-swiss (rapid)"]
[EventRounds "11"]
[EventCountry "FRA"]
[SourceTitle "CBM 208 Extra"]
[Source "ChessBase"]
[SourceDate "2022.07.31"]
[SourceVersion "1"]
[SourceVersionDate "2022.07.31"]
[SourceQuality "1"]
[WhiteTeam "Canada"]
[BlackTeam "Togo"]
[WhiteTeamCountry "CAN"]
[BlackTeamCountry "TOG"]

1. d4 d5 2. c4 e6 3. Nc3 Be7 4. cxd5 exd5 5. Bf4 c6 6. e3 Bf5 7. g4 Bg6 8. Be2 h6 9. Nf3 Nd7 10. h3 Ngf6 11. Kf1 Ne4 12. Bd3 Nxc3 13. bxc3 Bxd3+ 14. Qxd3 Nf6 15. Kg2 Ne4 16. Ne5 g5 17. Bh2 Bd6 18. f3 Nf6 19. Rab1 Rb8 20. c4 dxc4 21. Qxc4 0-0 22. Qd3 Nd5 23. Rhe1 Kg7 24. Qf5 Qf6 25. Nd7 Qxf5 26. gxf5 Bxh2 27. Kxh2 Rfd8 28. Nxb8 Rxb8 29. Rb3 Kf6 30. e4 Nf4 31. Reb1 b6 32. Rc3 Rc8 33. Rbc1 c5 34. R1c2 Rd8 35. dxc5 bxc5 36. Rxc5 Rd3 37. Rc6+ Kg7 38. R6c3 Rd1 39. Rc7 Rd3 40. R7c3 Rd1 41. Rc7 Rd3 42. Rxa7 Rxf3 43. Rcc7 Rxh3+ 44. Kg1 Kf6 45. Rxf7+ Ke5 46. Rfe7+ Kd4 47. Ra4+ Ke3 48. Ra3+ Nd3 49. Rd7 Kxe4 50. Rdxd3 1-0

[Event "Victoria Grand Pacific op"]
[Site "Victoria"]
[Date "2018.04.01"]
[Round "5.5"]
[White "Doknjas, John"]
[Black "Bashkansky, Naomi"]
[Result "1/2-1/2"]
[WhiteElo "2291"]
[BlackElo "2080"]
[PlyCount "103"]
[EventDate "2018.03.30"]
[EventType "swiss"]
[EventRounds "6"]
[EventCountry "CAN"]
[SourceTitle "EXT 2022"]
[Source "ChessBase"]
[SourceDate "2021.10.06"]
[SourceVersion "1"]
[SourceVersionDate "2021.10.06"]
[SourceQuality "1"]

1. c4 e5 2. Nc3 Nc6 3. g3 g6 4. Bg2 Bg7 5. e3 Nge7 6. Nge2 d6 7. 0-0 0-0 8. b3 Rb8 9. Bb2 f5 10. d3 a6 11. Rc1 Bd7 12. Nd5 Nxd5 13. cxd5 Ne7 14. Ba3 g5 15. f4 Ng6 16. fxg5 Qxg5 17. Rxc7 Qxe3+ 18. Kh1 Bb5 19. Bxd6 Rfd8 20. Rxg7+ Kxg7 21. Bxb8 Rxb8 22. Nc3 Bd7 23. Qc1 Qxc1 24. Rxc1 Rc8 25. Ne2 Rxc1+ 26. Nxc1 Kf6 27. Kg1 b6 28. Kf2 Ke7 29. Ne2 Kd6 30. Ke3 Ne7 31. Nc3 Bc8 32. d4 e4 33. g4 Nxd5+ 34. Nxd5 Kxd5 35. gxf5 Bxf5 36. Bf1 b5 37. Be2 Bd7 38. Bh5 Be6 39. Be8 b4 40. Bh5 a5 41. Be2 Bf5 42. Ba6 Kc6 43. Bc4 Bg6 44. Be6 Kd6 45. Bc8 Kc7 46. Bg4 h5 47. Be6 Kd6 48. Bg8 h4 49. Bc4 Bf5 50. Kf4 Bh7 51. Ke3 Bf5 52. Ba6 1/2-1/2

[Event "Victoria Grand Pacific op"]
[Site "Victoria"]
[Date "2018.03.30"]
[Round "1.5"]
[White "Doknjas, John"]
[Black "Jacobsen, Henrik"]
[Result "1-0"]
[WhiteElo "2291"]
[BlackElo "1951"]
[PlyCount "89"]
[EventDate "2018.03.30"]
[EventType "swiss"]
[EventRounds "6"]
[EventCountry "CAN"]
[SourceTitle "EXT 2022"]
[Source "ChessBase"]
[SourceDate "2021.10.06"]
[SourceVersion "1"]
[SourceVersionDate "2021.10.06"]
[SourceQuality "1"]

1. b3 d5 2. Bb2 Bf5 3. e3 e6 4. c4 Nf6 5. Nf3 Nbd7 6. Nc3 c6 7. Be2 h6 8. d4 Bd6 9. h3 Qe7 10. a3 0-0 11. b4 dxc4 12. Bxc4 e5 13. 0-0 e4 14. Nd2 Nh7 15. f4 exf3 16. Qxf3 Bg6 17. e4 Rad8 18. Qf2 Bc7 19. Nf3 Ng5 20. Nxg5 Qxg5 21. Rad1 Nf6 22. Bc1 Qg3 23. Qxg3 Bxg3 24. Bf4 Bxf4 25. Rxf4 Rfe8 26. e5 Nd5 27. Bxd5 cxd5 28. Nb5 a6 29. Nd6 Re7 30. Rc1 Rdd7 31. Rc8+ Kh7 32. Rc5 Rc7 33. Rxd5 b6 34. Nf5 Bxf5 35. Rxf5 Rc3 36. Rf3 Rc2 37. Rd6 Rec7 38. Rxb6 Rd2 39. Rxa6 h5 40. Kh2 Rcc2 41. Rg3 Rxd4 42. e6 fxe6 43. Rxe6 Rd7 44. b5 Ra2 45. Ra6 1-0

[Event "British Columbia-ch"]
[Site "Victoria"]
[Date "2017.10.09"]
[Round "7.1"]
[White "Sohal, Tanraj"]
[Black "Doknjas, John"]
[Result "1/2-1/2"]
[WhiteElo "2369"]
[BlackElo "2273"]
[PlyCount "44"]
[EventDate "2017.10.06"]
[EventType "tourn"]
[EventRounds "7"]
[EventCountry "CAN"]
[SourceTitle "EXT 2022"]
[Source "ChessBase"]
[SourceDate "2021.10.06"]
[SourceVersion "1"]
[SourceVersionDate "2021.10.06"]
[SourceQuality "1"]

1. d4 Nf6 2. Nf3 e6 3. g3 c5 4. Bg2 Nc6 5. 0-0 Be7 6. c4 cxd4 7. Nxd4 0-0 8. Nc3 a6 9. b3 Qc7 10. Bb2 d6 11. Rc1 Nxd4 12. Qxd4 Rd8 13. Rfd1 Rb8 14. Qd2 b6 15. Ne4 Nxe4 16. Bxe4 Bb7 17. Qd3 f5 18. Bf3 Bg5 19. Rc2 Qf7 20. Bxb7 Rxb7 21. f4 Bf6 22. Bxf6 Qxf6 1/2-1/2

[Event "CAN-ch U18"]
[Site "Sault Ste Marie"]
[Date "2017.07.06"]
[Round "2.6"]
[White "Hay, Jonathan"]
[Black "Doknjas, John"]
[Result "1/2-1/2"]
[WhiteElo "1940"]
[BlackElo "2281"]
[PlyCount "34"]
[EventDate "2017.07.06"]
[EventType "swiss"]
[EventRounds "7"]
[EventCountry "CAN"]
[SourceTitle "EXT 2022"]
[Source "ChessBase"]
[SourceDate "2021.10.06"]
[SourceVersion "1"]
[SourceVersionDate "2021.10.06"]
[SourceQuality "1"]

1. d4 Nf6 2. Bf4 e6 3. Nf3 c5 4. e3 Nc6 5. c3 d5 6. Nbd2 Bd6 7. Bg3 0-0 8. Bd3 b6 9. e4 Be7 10. e5 Nh5 11. Ng5 Bxg5 12. Qxh5 g6 13. Qe2 cxd4 14. h4 Bh6 15. h5 g5 16. Ne4 Bg7 17. f4 h6 1/2-1/2

[Event "Reykjavik op"]
[Site "Reykjavik"]
[Date "2017.04.24"]
[Round "7"]
[White "Karavade, Eesha"]
[Black "Doknjas, John"]
[Result "1/2-1/2"]
[WhiteElo "2405"]
[BlackElo "2216"]
[PlyCount "183"]
[EventDate "2017.04.19"]
[EventType "swiss"]
[EventRounds "10"]
[EventCountry "ISL"]
[SourceTitle "CBM 178 Extra"]
[Source "ChessBase"]
[SourceDate "2017.06.22"]
[SourceVersion "1"]
[SourceVersionDate "2017.06.22"]
[SourceQuality "1"]

1. d4 Nf6 2. c4 c5 3. d5 e6 4. Nc3 exd5 5. cxd5 d6 6. e4 g6 7. Nge2 Bg7 8. Ng3 h5 9. Be2 h4 10. Nf1 h3 11. g3 a6 12. a4 Nbd7 13. Bg5 Qc7 14. Nd2 0-0 15. 0-0 Re8 16. f3 Rb8 17. Be3 Nh7 18. Bf2 Ndf8 19. Bd3 Bd7 20. Rc1 b5 21. axb5 axb5 22. b4 c4 23. Be2 g5 24. Re1 Ng6 25. Nf1 f5 26. exf5 Bxf5 27. Ne3 Bd7 28. Qc2 Ne7 29. Qd2 Nf5 30. Nxf5 Bxf5 31. Bf1 Qf7 32. Rxe8+ Qxe8 33. g4 Bg6 34. Bxh3 Ra8 35. Bd4 Ra3 36. Bxg7 Kxg7 37. Re1 Qd7 38. Qd4+ Kh6 39. Bf1 Rb3 40. Re6 Qg7 41. Nxb5 Nf8 42. Qxg7+ Kxg7 43. Re7+ Kf6 44. Rc7 Bd3 45. Bxd3 cxd3 46. Kf2 Ke5 47. Ke3 Rxb4 48. Nc3 Ng6 49. Kxd3 Nf4+ 50. Ke3 Rb3 51. Kd2 Rb2+ 52. Kd1 Kd4 53. Kc1 Nd3+ 54. Kd1 Rxh2 55. Ne4 Rh1+ 56. Ke2 Rh2+ 57. Kf1 Kxd5 58. Nxg5 Kd4 59. Re7 d5 60. Kg1 Rd2 61. Re8 Ne5 62. Kf1 Ra2 63. Rf8 Nc4 64. Re8 Ne5 65. Kg1 Rd2 66. Rf8 Re2 67. Rf5 Kd3 68. Nh3 Kd2 69. Nf2 Re3 70. Kg2 Ke2 71. Nh3 d4 72. g5 d3 73. Nf4+ Kd1 74. Nxd3 Nxd3 75. Kg3 Ke2 76. g6 Re8 77. g7 Rg8 78. Rf7 Ke3 79. Re7+ Kd4 80. f4 Kd5 81. f5 Kd6 82. f6 Ne5 83. Kh3 Ng6 84. Re4 Kd5 85. Re1 Nf4+ 86. Kh4 Ng2+ 87. Kg5 Nxe1 88. Kg6 Nf3 89. f7 Ne5+ 90. Kh7 Rxg7+ 91. Kxg7 Nxf7 92. Kxf7 1/2-1/2